Malawi's green gold: challenges and opportunities for small and medium forest enterprises in reducing poverty (Record no. 82353)
[ view plain ]
| 000 -LEADER | |
|---|---|
| fixed length control field | 01069nam a2200229 a 4500 |
| 008 - FIXED-LENGTH DATA ELEMENTS--GENERAL INFORMATION | |
| fixed length control field | 100120s2008 ||||||||||||||||| || u |
| 020 ## - INTERNATIONAL STANDARD BOOK NUMBER | |
| International Standard Book Number | 9781843697190 |
| 050 ## - LIBRARY OF CONGRESS CALL NUMBER | |
| Classification number | SD 387.P74.M3 Kam |
| 100 ## - MAIN ENTRY--PERSONAL NAME | |
| Personal name | Utila, Henry |
| 245 10 - TITLE STATEMENT | |
| Title | Malawi's green gold: challenges and opportunities for small and medium forest enterprises in reducing poverty |
| Statement of responsibility, etc. | Patrick Kambewa and Henry Utila |
| 260 ## - PUBLICATION, DISTRIBUTION, ETC. | |
| Place of publication, distribution, etc. | Zomba: |
| Name of publisher, distributor, etc. | International Institute for Environment and Development |
| Date of publication, distribution, etc. | 2008 |
| 300 ## - PHYSICAL DESCRIPTION | |
| Extent | xii, 46p.: ill. |
| 350 ## - | |
| -- | 0.00 |
| 490 ## - | |
| -- | IIED Small and Medium Forest Enterprises series |
| 490 ## - | |
| -- | no. 24 |
| 650 ## - SUBJECT ADDED ENTRY--TOPICAL TERM | |
| Topical term or geographic name entry element | FORESTRY |
| 650 ## - SUBJECT ADDED ENTRY--TOPICAL TERM | |
| Topical term or geographic name entry element | FORESTRY--LAW AND LEGISLATION--MALAWI |
| 650 ## - SUBJECT ADDED ENTRY--TOPICAL TERM | |
| Topical term or geographic name entry element | FORESTRY PROJECTS--MALAWI |
| 700 ## - ADDED ENTRY--PERSONAL NAME | |
| Personal name | Kambewa, Patrick |
| 995 ## - | |
| -- | SPECIAL COLLECTIONS |
| -- | 0.00 |
| -- | 740711 |
| -- | CBU-MAIN LIBRARY (Kitwe) |
| -- | 1 |
| -- | 0.00 |
| -- | ZAM SD 387.P74.M3 KAM |
| -- | 1 |
| -- | AVAILABLE |
| -- | Mar 5, 2010 |
| -- | 740711 |
| -- | Zambiana Collection |
| 995 ## - | |
| -- | SPECIAL COLLECTIONS |
| -- | 0.00 |
| -- | 740712 |
| -- | CBU-MAIN LIBRARY (Kitwe) |
| -- | 1 |
| -- | 0.00 |
| -- | ZAM SD 387.P74.M3 KAM |
| -- | 2 |
| -- | AVAILABLE |
| -- | Mar 5, 2010 |
| -- | 740712 |
| -- | Zambiana Collection |
| 999 ## - | |
| -- | 82353 |
| -- | 82353 |
| Withdrawn status | Lost status | Source of classification or shelving scheme | Damaged status | Not for loan | Permanent Location | Current Location | Shelving location | Date acquired | Total Checkouts | Full call number | Barcode | Date last seen | Copy number | Price effective from | Koha item type |
|---|---|---|---|---|---|---|---|---|---|---|---|---|---|---|---|
| CBU-MAIN LIBRARY, KITWE. | CBU-MAIN LIBRARY, KITWE. | 09/27/2023 | SD 387.P74.M3 Kam | 740711 | 09/27/2023 | 1 | 09/27/2023 | SPECIAL COLLECTION | |||||||
| CBU-MAIN LIBRARY, KITWE. | CBU-MAIN LIBRARY, KITWE. | 09/27/2023 | SD 387.P74.M3 Kam | 740712 | 09/27/2023 | 2 | 09/27/2023 |